000 00468nam a2200181Ia 4500
005 20250423095438.0
008 250422s9999 xx 000 0 und d
020 _a0201338696
050 _aQA 371 .N243/
100 _aNagle, R. Kent
245 0 _aFundamentals of differential equations and boundary value problems : student solutions manual
250 _a3rd ed.
260 _aBoston
260 _bPearson
260 _c2000
300 _a398 p
942 _cBK
999 _c30297
_d30297